00522nam a2200145 a 4500008004100000020001800041041000800059100002200067245004700089250005200136260005100188300002300239500009900262655001500361190917t2018 ag |||g |||| 001 0 spa d a9789506911058 aspa1 aVaccarini, Franco3 aEl espejo en la pecera /cFranco Vaccarini a1a ed.bIlustraciones Florencia Palacios Murphy aBuenos Aires:bBiblioteca del Congreso;c2018. a76 p.c17 cm.bil. aVaccarini, F. (2018). El espejo en la pecera. (1a ed). Buenos Aires : Biblioteca del Congreso. aLiteratura